Central Library OPAC University of Rajshahi

انتخاب مكتوبات شيخ احمد سرحدى = Selected Letters of Shaikh Ahmad Sirhindi / (Record no. 80338)

MARC details
000 -LEADER
fixed length control field 00980naa a2200241 a 4500
001 - CONTROL NUMBER
control field 80338
003 - CONTROL NUMBER IDENTIFIER
rucl marc code BD-RjUL
005 - DATE AND TIME OF LATEST TRANSACTION
control field 20220913110957.0
008 - FIXED-LENGTH DATA ELEMENTS--GENERAL INFORMATION
fixed length control field 220913s1968 pk ||||| |||| 00| 0 urd d
035 ## - SYSTEM CONTROL NUMBER
System control number (BD-RjUL)80338
040 ## - CATALOGING SOURCE
Original cataloging agency BD-RjUL
Language of cataloging eng
Transcribing agency BD-RjUL
041 ## - LANGUAGE CODE
Language code of text/sound track or separate title urd
082 ## - DEWEY DECIMAL CLASSIFICATION NUMBER
Edition number 23
Classification number 181.07
Author mark and year SAI 1968
100 ## - MAIN ENTRY--PERSONAL NAME
Personal name سرهندي، احمد الشيخ # # Sarhindi, Ahmad Sheikh
9 (RLIN) 4742
245 ## - TITLE STATEMENT
Title انتخاب مكتوبات شيخ احمد سرحدى = Selected Letters of Shaikh Ahmad Sirhindi /
Statement of responsibility, etc. تاليف و مقدمه = از فضل الرحمن.= by Fazlur Rahman
260 ## - PUBLICATION, DISTRIBUTION, ETC. (IMPRINT)
Place of publication, distribution, etc. Karachi :
Name of publisher, distributor, etc. اقبال أكادمى پاكستان،=Iqbal Academy Karachi ,
Date of publication, distribution, etc. 1968
300 ## - PHYSICAL DESCRIPTION
Pagination v. ;
Size 23 cm
505 ## - FORMATTED CONTENTS NOTE
Formatted contents note V. pt. 1- Philosophical & Theological Letters.-- pt. 2.Shaikh Sirhindi in World.--
600 ## - SUBJECT ADDED ENTRY--PERSONAL NAME
Personal name Aḥmad Sirhindī,
Dates associated with a name 1563-1624
General subdivision Correspondence
650 ## - SUBJECT ADDED ENTRY--TOPICAL TERM
Topical term or geographic name as entry element Islamic philosophy
700 ## - ADDED ENTRY--PERSONAL NAME
Personal name الرحمن، فضل
942 ## - ADDED ENTRY ELEMENTS (KOHA)
Source of classification or shelving scheme Dewey Decimal Classification
Koha item type Books
Holdings
Lost status Source of classification or shelving scheme Damaged status Not for loan Collection code Permanent Location Current Location Shelving location Date acquired Source of acquisition Cost, normal purchase price Total Checkouts Full call number Date last seen Copy number Koha item type
  Dewey Decimal Classification   Not For Loan Non-fiction Central Library, University of Rajshahi Central Library, University of Rajshahi Reading Room 16/09/1969 pakistan book center 100.00   U 181.07 SAI Pt 1-2 1968 13/09/2022 C-1 Books